000 00706nam a22002177a 4500
999 _c7186
_d7186
001 7186
003 BD-JhCC
005 20180205191049.0
008 180205b bg |||| |||| 00| 0 ben d
035 _a(BD-JhCC)7186
040 _aBD-JhCC
_dBD-JhCC
041 _aben
082 _a636.0896
_bRAH 1989
100 _aরহমান, আবদূর
245 _aগবাদিপশুর অপুষ্টিজনিত রোগব্যাধি /
_cআবদূর রহমান
260 _aঢাকা :
_bবাংলা একাডেমী,
_c১৯৮৯.
300 _a১১৩ পৃ. :
_c২১ সেমি.
650 _aLivestock
_xDiseases
942 _2ddc
_cBK